Acoustics / (Record no. 25213)

MARC details
000 -LEADER
fixed length control field 00689nam a22002057a 4500
008 - FIXED-LENGTH DATA ELEMENTS--GENERAL INFORMATION
fixed length control field 090313t xxu||||| |||| 00| 0 eng d
010 ## - LCCN (DPL NO)
LC control number ENG-93215
020 ## - INTERNATIONAL STANDARD BOOK NUMBER
Terms of availability 110.00
International Standard Book Number 9788190745550
035 ## - SYSTEM CONTROL NUMBER
System control number EN-76748
037 ## - SOURCE OF ACQUISITION
Source of stock number/acquisition DBAD / PUB
040 ## - CATALOGING SOURCE
Original cataloging agency dpl
Language of cataloging English
082 ## - DEWEY DECIMAL CLASSIFICATION NUMBER
Classification number 534
100 ## - MAIN ENTRY--PERSONAL NAME
Personal name Govindarajan, M.
245 ## - TITLE STATEMENT
Title Acoustics /
Statement of responsibility, etc by M. Govindarajan
260 ## - PUBLICATION, DISTRIBUTION, ETC. (IMPRINT)
Place of publication, distribution, etc Perambalur
Name of publisher, distributor, etc Yazhuni Veliyeedu
Date of publication, distribution, etc 2007
270 ## - ADDRESS
Address Velur,
City Perambalur
Postal code 621104
300 ## - PHYSICAL DESCRIPTION
Extent 137p. .
Dimensions 20cm (pbk)
942 ## - ADDED ENTRY ELEMENTS (KOHA)
Source of classification or shelving scheme Dewey Decimal Classification
Item type English Books
Call number suffix GOV
Classification part 534
Holdings
Withdrawn status Lost status Source of classification or shelving scheme Damaged status Not for loan Collection code Home library Current library Date acquired Source of acquisition Cost, normal purchase price Total Checkouts Full call number Barcode Date last seen Copy number Cost, replacement price Koha item type
    Dewey Decimal Classification   Not For Loan Non-fiction D.B.Act.Division D.B.Act.Division 13/03/2009 DBAD / PUB 110.00   534 GOV EN-76748 13/03/2009 1 110.00 English Books

© Delhi Public Library
Hit Counter
free hit counter